00841nam a2200241Ia 4500003000900000008004100009020001800050040001600068080001700084100002400101245007800125260004500203300001400248490004900262650002400311650003400335650002500369650004900394700002600443942000700469999001500476952010800491IN-BaIIA211028s9999 xx 000 0 eng d a0-521-20016-4 cIIA Library a524.834bHAW aHawking, S. W98408 4aThe Large scale structure of space-timecS. W. Hawking and G. F. R. Ellis aLondonbCambridge University Pressc1973 axi, 391p. aCambridge monographs on mathematical physics a Cosmology 98047 a Large scale structure98409 a Space time 98410 aAstronomy and astrophysics thesaurus 91143 aEllis, G. F. R.98411 cBK c4733d4733 00104070aBANbBANcGENd1975-06-17l1m4o524.834/ HAWp5289r2025-07-24s2023-02-11w1975-06-17yBK